00743nam a2200229Ia 45000010006000000050017000060070003000230080041000260400025000670410008000920820020001001000023001202450084001432500014002272600052002413000027002936530019003206530014003399420012003539520131003659990017004962214220240114000627.0ta060313s1905 a g b000 u 465 u aCotton College,Assam a465 a821.91bM 593 R aMiles, Alfred H. . 0aFrederick Tennyson to Arthur Hugh Clough /cAlfred H. Miles.hTextual Documents a1st ed. / aLondon :bGeorge Routledge & Sons, Ltd ,c1905. a675p. :bill ;c13cm . aEnglish poetry aG-English 2ddccBK 001040708Circulation (G)aSKBLbSKBLd2012-02-01f00000l0o821.91 M 593 Rp209/Engr2024-01-14 00:00:00t1w2012-02-01yBK c22124d22124